|
|
|
|
| LEADER |
01338nam a2200277 a 4500 |
| 008 |
090730r20031985ii 000 0 eng d |
| 020 |
|
|
|a 0706996852
|
| 040 |
|
|
|a DLC
|c DLC
|d DLC
|
| 082 |
0 |
0 |
|a 823/.8
|2 21
|
| 100 |
1 |
|
|a Dickens, Charles,
|d 1812-1870.
|
| 245 |
1 |
0 |
|a Oliver Twist /
|c Charles Dickens.
|
| 260 |
|
|
|a New Delhi :
|b Madhuban publishing books
|c 1985 [Reprinted 2003].
|
| 300 |
|
|
|a 172 p. ;
|c 22 cm.
|
| 490 |
0 |
|
|a Madhuban Abridged Classics.
|
| 541 |
1 |
|
|e 00009986
|
| 650 |
|
0 |
|a Orphans
|x Fiction.
|
| 650 |
|
0 |
|a Criminals
|x Fiction.
|
| 650 |
|
0 |
|a Kidnapping victims
|v Fiction.
|
| 651 |
|
0 |
|a London (England)
|x Fiction.
|
| 655 |
|
7 |
|a Bildungsromans.
|2 gsafd
|
| 852 |
4 |
|
|a Ayesha Abed Library
|j General shelf
|
| 942 |
0 |
0 |
|0 3
|
| 999 |
|
|
|c 2980
|d 2980
|
| 952 |
|
|
|0 0
|1 0
|2 ddc
|4 0
|6 823_800000000000000_DIC_2003
|7 0
|9 2695
|a BRACUL
|b BRACUL
|c GEN
|d 2009-08-18
|g 0.00
|l 18
|m 66
|o 823.8 DIC
|p 3010009986
|r 2020-03-15
|s 2020-03-04
|t 1
|w 2009-08-18
|y BK
|x No price found in the accession register.
|
| 952 |
|
|
|0 0
|1 0
|2 ddc
|4 0
|6 823_800000000000000_DIC_2003
|7 0
|9 10527
|a BRACUL
|b BRACUL
|c GEN
|d 2010-05-25
|l 21
|m 83
|o 823.8 DIC
|p 3010009987
|q 2026-09-07
|r 2026-05-10
|s 2026-05-10
|t 2
|w 2010-05-25
|y BK
|
| 952 |
|
|
|0 0
|1 4
|2 ddc
|4 0
|6 823_800000000000000_DIC
|7 0
|9 12641
|a BRACUL
|b BRACUL
|c GEN
|d 2010-10-21
|l 20
|m 86
|o 823.8 DIC
|p 3010009988
|r 2018-04-15
|s 2017-10-04
|t 3
|w 2010-10-21
|y BK
|x Koha Inventory 2020
|